000 00924nam a2200277 a 4500
001 24959
003 BD-RjUL
005 20211209050818.0
008 140315s1953 nyuabcf b 001 0 eng
035 _a(BD-RjUL)25028
040 _aDLC
_cDLC
_beng
_dBD-RjUL
041 _aeng
082 0 0 _a940.22
_bNUT 1953
100 1 _aNussbaum, Frédéric Louis,
_d1885-
_976775
245 1 4 _aThe triumph of science and reason, 1660-1685 /
_cFrederick L. Nussbaum.
260 _aNew York ;
_aLondon :
_bHarper & Brothers,
_c1953.
300 _axiv, 304 p., [32] p. plates :
_bill., ports., map (on lining papers) ;
_c22 cm.
490 _aRise of modern Europe
504 _aBibliography : p. 261-290. Includes index.
650 0 _aSeventeenth century.
_955005
651 0 _aEurope
_xHistory
_y1648-1715.
_976776
830 0 _aRise of modern Europe
_976780
942 _2ddc
_cBK
999 _c24959
_d24959